Wisdom Of Bees (Record no. 330482)

MARC details
000 -LEADER
fixed length control field 00519nam a2200169Ia 4500
008 - FIXED-LENGTH DATA ELEMENTS--GENERAL INFORMATION
fixed length control field 230718s9999 xx 000 0 und d
020 ## - INTERNATIONAL STANDARD BOOK NUMBER
International Standard Book Number 9780670919482
041 ## - LANGUAGE CODE
Language code of text/sound track or separate title eng
082 ## - DEWEY DECIMAL CLASSIFICATION NUMBER
Classification number 658.4
Item number O'M
100 ## - MAIN ENTRY--PERSONAL NAME
Personal name O'Malley M.
9 (RLIN) 193393
245 ## - TITLE STATEMENT
Title Wisdom Of Bees
Remainder of title What The Hive Can Teach Business About Leadership, Efficiency And Growth
260 ## - PUBLICATION, DISTRIBUTION, ETC. (IMPRINT)
Date of publication, distribution, etc. 2010
Name of publisher, distributor, etc. Portfolio Penguin
300 ## - PHYSICAL DESCRIPTION
Extent 214
365 ## - TRADE PRICE
Currency code Rs.
Price amount 399.00
700 ## - ADDED ENTRY--PERSONAL NAME
Personal name O'Malley M.
9 (RLIN) 193393
906 ## - LOCAL DATA ELEMENT F, LDF (RLIN)
d O:0279811-Apr-2012B:1108609-Apr-2012
c GENRL
b 99.75
Holdings
Withdrawn status Lost status Damaged status Not for loan Home library Current library Date acquired Vendor Budget Code Cost, normal purchase price Bill number Total Checkouts Full call number Barcode Date last seen Discount Cost, replacement price Bill Date Koha item type Original Barcode
        Cummins College of Engineering for Women Pune Cummins College of Engineering for Women Pune 11/04/2012 Technical Book Services GENRL 299.25 11086   658.4 CCEP-BK-41689 18/07/2023 99.75 399.00 09/04/2012 Books 041689